[Event "II. CLANSKA LIGA ZAHOD 2025"]
[Site "Komenda"]
[Date "2025.11.23"]
[Round "8.4"]
[White "Magerl, Zan"]
[Black "Hudoklin, Jurij"]
[Result "1/2-1/2"]
[WhiteElo "1682"]
[BlackElo "1824"]
[PlyCount "142"]
[EventDate "2025.11.14"]
[WhiteTeam "SK DOL PRI LJUBLJANI"]
[BlackTeam "SD KRKA NOVO MESTO"]

1. e4 c5 2. Nc3 e6 3. Nge2 d5 4. exd5 exd5 5. d3 Nf6 6. g3 d4 7. Ne4 Nbd7 8.
Bg5 Ne5 9. Bg2 Bg4 10. O-O Nf3+ 11. Kh1 Be7 12. Bxf6 Bxf6 13. h3 h5 14. Nd2
Nxd2 15. Qxd2 Bd7 16. Rae1 O-O 17. b4 cxb4 18. Qxb4 Bc6 19. Bxc6 bxc6 20. Qc5
g6 21. Qxc6 Rc8 22. Qa4 Qd5+ 23. Kh2 h4 24. Nf4 Qf3 25. Qb3 Kg7 26. Qd5 Qxd5
27. Nxd5 Rxc2 28. Nxf6 Kxf6 29. gxh4 Rxa2 30. Ra1 Rxa1 31. Rxa1 Ra8 32. Ra5 Ke6
33. Kg3 Kd6 34. Kf4 Kc6 35. Ke4 Kb6 36. Ra4 Kb5 37. Ra1 Kb4 38. Kxd4 Rd8+ 39.
Ke3 a5 40. d4 a4 41. Kd3 Kb3 42. Rb1+ Ka2 43. Rb4 a3 44. Kc4 Re8 45. Kd5 Re2
46. Kc6 Rc2+ 47. Kd6 Rb2 48. Ra4 Kb3 49. Ra7 a2 50. d5 Rd2 51. Kc6 Rd4 52. d6
Rc4+ 53. Kb7 Ra4 54. Rxa4 Kxa4 55. d7 a1=Q 56. d8=Q Qh1+ 57. Ka7 Qf3 58. Qe8+
Kb3 59. Qb5+ Kc3 60. Qe5+ Kd3 61. Qg3 Qxg3 62. fxg3 Ke4 63. g4 Kf4 64. Kb6 f5
65. h5 gxh5 66. gxh5 Kg5 67. Kc5 Kxh5 68. Kd4 Kh4 69. Ke5 Kg5 70. h4+ Kg4 71.
h5 Kxh5 1/2-1/2

[Event "II. CLANSKA LIGA ZAHOD 2025"]
[Site "Komenda"]
[Date "2025.11.23"]
[Round "8.5"]
[White "Rodman, Franc"]
[Black "Pretnar, Bostjan"]
[Result "0-1"]
[WhiteElo "1978"]
[BlackElo "1824"]
[PlyCount "54"]
[EventDate "2025.11.14"]
[WhiteTeam "SD JESENICE"]
[BlackTeam "SD RADOVLJICA"]

1. d4 Nf6 2. Nf3 e6 3. g3 d5 4. Bg2 Be7 5. O-O Ne4 6. c4 f5 7. Nc3 Nc6 8. Bf4
g5 9. Be3 Bf6 10. Ne1 Ne7 11. Nf3 Ng6 12. cxd5 exd5 13. Ne5 c6 14. Nd3 Qc7 15.
Qc1 h5 16. f3 Nxc3 17. bxc3 h4 18. Bf2 hxg3 19. hxg3 Qh7 20. Re1 Qh2+ 21. Kf1
f4 22. e4 Bh3 23. Bxh3 Qxh3+ 24. Ke2 fxg3 25. Qe3 gxf2 26. Nxf2 Nf4+ 27. Kd2
Qe6 0-1

[Event "II. CLANSKA LIGA ZAHOD 2025"]
[Site "Komenda"]
[Date "2025.11.23"]
[Round "8.5"]
[White "Simnic, Franci"]
[Black "Jeraj, Zlatko"]
[Result "0-1"]
[WhiteElo "1834"]
[BlackElo "2001"]
[PlyCount "66"]
[EventDate "2025.11.14"]
[WhiteTeam "SD RADOVLJICA"]
[BlackTeam "SD JESENICE"]

1. Nf3 Nf6 2. d4 g6 3. c4 Bg7 4. Nc3 O-O 5. e4 c5 6. e5 Ng4 7. h3 cxd4 8. Qxd4
Nxe5 9. Nxe5 d6 10. Be2 Bxe5 11. Qh4 Nc6 12. O-O Nd4 13. Bh6 Nf5 14. Qg5 Nxh6
15. Qxh6 Bxc3 16. bxc3 Be6 17. Rad1 Qa5 18. Rd4 Qxc3 19. Rfd1 f5 20. Bf3 Rac8
21. Rh4 Rf7 22. Rc1 Qb2 23. Qe3 Qf6 24. g3 b6 25. Kg2 Rc5 26. Be2 g5 27. Rd4 f4
28. gxf4 gxf4 29. Qc3 Rg5+ 30. Kh2 f3 31. Bf1 Qe5+ 32. Kh1 Rfg7 33. Bd3 Rg2 0-1

[Event "II. CLANSKA LIGA ZAHOD 2025"]
[Site "Komenda"]
[Date "2025.11.23"]
[Round "8.5"]
[White "Pazlar, Marko"]
[Black "Krivec, Metod"]
[Result "1-0"]
[WhiteElo "1977"]
[BlackElo "1840"]
[PlyCount "37"]
[EventDate "2025.11.14"]
[WhiteTeam "SD JESENICE"]
[BlackTeam "SD RADOVLJICA"]

1. Nf3 d6 2. d4 g6 3. g3 Bg7 4. Bg2 c5 5. O-O cxd4 6. Nxd4 Nf6 7. c4 O-O 8. Nc3
a6 9. b3 Qc7 10. Bb2 Nc6 11. Rc1 e6 12. Qd2 Rd8 13. Nd5 exd5 14. cxd5 Bd7 15.
dxc6 bxc6 16. Nxc6 Bxc6 17. Rxc6 Qd7 18. Rd1 d5 19. Rxf6 1-0

[Event "II. CLANSKA LIGA ZAHOD 2025"]
[Site "Komenda"]
[Date "2025.11.23"]
[Round "8.5"]
[White "Torkar, Boris"]
[Black "Pavlin, Ivan"]
[Result "1-0"]
[WhiteElo "1858"]
[BlackElo "1886"]
[PlyCount "99"]
[EventDate "2025.11.14"]
[WhiteTeam "SD RADOVLJICA"]
[BlackTeam "SD JESENICE"]

1. d4 d5 2. c4 e6 3. e3 b6 4. Nf3 Bb7 5. Be2 Nd7 6. O-O Ngf6 7. Nc3 Be7 8. b3
O-O 9. Bb2 h6 10. h3 c5 11. cxd5 Nxd5 12. Nxd5 Bxd5 13. Rc1 a6 14. Qd2 Bb7 15.
Rfd1 Nf6 16. dxc5 Qxd2 17. Rxd2 Bxc5 18. Bxf6 gxf6 19. Rd7 Bxf3 20. Bxf3 Rad8
21. Ra7 a5 22. Rc2 Rd6 23. a3 Rdd8 24. Bh5 Ra8 25. Bxf7+ Kg7 26. Rxa8 Rxa8 27.
Bxe6 Bxa3 28. Rc7+ Kh8 29. Bf5 Rd8 30. g3 Rd1+ 31. Kg2 Bb4 32. Rh7+ Kg8 33.
Rxh6 Kg7 34. Rh7+ Kg8 35. Rc7 Bc5 36. h4 Rd2 37. Kf3 Bf8 38. Rc6 Rd6 39. Rxd6
Bxd6 40. Be6+ Kg7 41. g4 b5 42. Bd7 b4 43. Ke4 Be5 44. Kf5 Bc3 45. g5 Be1 46.
gxf6+ Kf8 47. f4 Bxh4 48. e4 Be1 49. e5 Bc3 50. e6 1-0

[Event "II. CLANSKA LIGA ZAHOD 2025"]
[Site "Komenda"]
[Date "2025.11.23"]
[Round "8.5"]
[White "Ravnik, Franc"]
[Black "Bec, Alojz"]
[Result "0-1"]
[WhiteElo "1832"]
[BlackElo "1865"]
[PlyCount "116"]
[EventDate "2025.11.14"]
[WhiteTeam "SD JESENICE"]
[BlackTeam "SD RADOVLJICA"]

1. e4 c5 2. c3 a6 3. d4 e6 4. Nf3 h6 5. Bd3 b5 6. O-O Bb7 7. a4 b4 8. cxb4 cxb4
9. Re1 Nf6 10. b3 Be7 11. Nbd2 O-O 12. Nc4 d6 13. h3 a5 14. Bb2 d5 15. e5 dxc4
16. exf6 Bxf6 17. Bxc4 Nc6 18. Rb1 Ne7 19. Ne5 Qc7 20. Ng4 Bg5 21. Bc1 Qc6 22.
f3 Bh4 23. Re4 Nf5 24. Nxh6+ gxh6 25. Bxh6 Qd6 26. Rg4+ Kh7 27. Bxf8 Rxf8 28.
Bd3 Bf6 29. Bc2 Rg8 30. Rxg8 Kxg8 31. Bxf5 exf5 32. Qd3 Qxd4+ 33. Qxd4 Bxd4+
34. Kf1 Ba6+ 35. Ke1 Bc3+ 36. Kf2 Bd3 37. Rd1 Bc2 38. Rd8+ Kg7 39. Ra8 Bxb3 40.
Rxa5 Kf6 41. g4 f4 42. h4 Be6 43. h5 b3 44. Rb5 b2 45. a5 Ba2 46. Rb6+ Kg7 47.
h6+ Kh7 48. Rxb2 Bxb2 49. Ke2 Kxh6 50. Kd3 Bd5 51. Ke2 Kg5 52. a6 Bc4+ 53. Kf2
Bxa6 54. Kg2 Kh4 55. Kh2 Be2 56. Kg2 Bd4 57. Kh2 Bf2 58. Kh1 Kg3 0-1

[Event "II. CLANSKA LIGA ZAHOD 2025"]
[Site "Komenda"]
[Date "2025.11.23"]
[Round "8.5"]
[White "Zupan, Luka"]
[Black "Cvetkov, Risto"]
[Result "1/2-1/2"]
[WhiteElo "1514"]
[BlackElo "1722"]
[PlyCount "62"]
[EventDate "2025.11.14"]
[WhiteTeam "SD RADOVLJICA"]
[BlackTeam "SD JESENICE"]

1. e4 c5 2. Nf3 Nc6 3. c3 d6 4. d4 cxd4 5. cxd4 e6 6. Nc3 Nf6 7. Bd3 Be7 8. d5
Ne5 9. Nxe5 dxe5 10. Bb5+ Bd7 11. dxe6 fxe6 12. Bxd7+ Qxd7 13. O-O O-O 14. Qe2
Bc5 15. Be3 Bxe3 16. Qxe3 Qd4 17. Qe2 Rac8 18. Rfd1 Qc4 19. Qe3 Ng4 20. Qd3
Nxf2 21. Qxc4 Rxc4 22. Re1 Nd3 23. Re2 Nxb2 24. Rxb2 Rxc3 25. Rxb7 Rc2 26. Rxa7
Rff2 27. Ra8+ Kf7 28. Rf1 Rxf1+ 29. Kxf1 h6 30. h3 Rc4 31. a4 Rxe4 1/2-1/2

[Event "II. CLANSKA LIGA ZAHOD 2025"]
[Site "Komenda"]
[Date "2025.11.23"]
[Round "9.1"]
[White "Pretnar, Bostjan"]
[Black "Skrbec, Leon"]
[Result "0-1"]
[WhiteElo "1824"]
[BlackElo "2276"]
[PlyCount "73"]
[EventDate "2025.11.14"]
[WhiteTeam "SD RADOVLJICA"]
[BlackTeam "SK POSTOJNA"]

1. d4 Nf6 2. Bf4 h6 3. h4 d5 4. e3 e6 5. Nc3 a6 6. Nf3 c5 7. a4 Nc6 8. Be2 cxd4
9. exd4 Bb4 10. Bd2 Bd6 11. Rb1 Bd7 12. Be3 Rc8 13. Qd2 Qc7 14. Bd3 Nb4 15. O-O
Ng4 16. Be2 O-O 17. Rfc1 f5 18. g3 Nxe3 19. fxe3 Bxg3 20. Bf1 f4 21. e4 dxe4
22. Nxe4 Bc6 23. Bd3 Nxd3 24. cxd3 Qe7 25. Ne5 Qxh4 26. Ng6 Qg4 27. Nxf8 Rxf8
28. Qg2 h5 29. Rc5 Bd5 30. Rf1 h4 31. Qf3 Qg6 32. Qg2 Rf5 33. Qh3 f3 34. Rc8+
Kh7 35. Nxg3 Qxg3+ 36. Qxg3 hxg3 37. Rh8+ 0-1

[Event "II. CLANSKA LIGA ZAHOD 2025"]
[Site "Komenda"]
[Date "2025.11.23"]
[Round "9.1"]
[White "Cepon, Dusan"]
[Black "Simnic, Franci"]
[Result "1-0"]
[WhiteElo "2012"]
[BlackElo "1834"]
[PlyCount "72"]
[EventDate "2025.11.14"]
[WhiteTeam "SK POSTOJNA"]
[BlackTeam "SD RADOVLJICA"]

1. d4 Nf6 2. Nf3 e6 3. Nbd2 c5 4. c3 d5 5. e3 Nc6 6. Bd3 Be7 7. O-O O-O 8. Qe2
a6 9. dxc5 Bxc5 10. e4 e5 11. exd5 Qxd5 12. Bc4 Qd6 13. b4 Ba7 14. h3 Bf5 15.
Nh4 Be6 16. Ne4 Nxe4 17. Qxe4 f5 18. Qe2 Bxc4 19. Qxc4+ Kh8 20. Be3 f4 21. Bxa7
Nxa7 22. Qe4 Qf6 23. Nf3 Nc6 24. Rfe1 Rfe8 25. a4 Rac8 26. Rad1 Rc7 27. Rd3 Qg6
28. Qxg6 hxg6 29. Ng5 Rec8 30. Rd6 Rf8 31. Rxg6 Rf6 32. Rxf6 gxf6 33. Ne4 Kg7
34. Nc5 Kg6 35. Rd1 Ne7 36. Rd6 Kg5 1-0

[Event "II. CLANSKA LIGA ZAHOD 2025"]
[Site "Komenda"]
[Date "2025.11.23"]
[Round "9.1"]
[White "Krivec, Metod"]
[Black "Beber, Anja"]
[Result "1/2-1/2"]
[WhiteElo "1840"]
[BlackElo "1930"]
[PlyCount "89"]
[EventDate "2025.11.14"]
[WhiteTeam "SD RADOVLJICA"]
[BlackTeam "SK POSTOJNA"]

1. d4 f5 2. g3 Nf6 3. c4 g6 4. Bg2 Bg7 5. Nh3 O-O 6. O-O d6 7. d5 c6 8. Nc3 e5
9. dxe6 Bxe6 10. Qd3 Na6 11. Ng5 Bc8 12. Rd1 h6 13. Nh3 Ne8 14. a3 Nc5 15. Qc2
Be6 16. Nb1 Qe7 17. Nf4 Bf7 18. e3 a5 19. Nd2 a4 20. Nd3 Nxd3 21. Qxd3 Nf6 22.
Rb1 Nd7 23. Nf3 Nc5 24. Qe2 Nb3 25. Bd2 Rfd8 26. Be1 Qe6 27. Bf1 g5 28. Nd4
Nxd4 29. exd4 Qd7 30. Bc3 Bg6 31. f4 Qf7 32. Qd2 Bf6 33. Re1 Re8 34. Rxe8+ Rxe8
35. Re1 gxf4 36. Qxf4 Bg5 37. Qxd6 Be3+ 38. Kh1 f4 39. gxf4 Kh7 40. Bg2 Bxf4
41. Qb4 Be3 42. Rf1 Bf5 43. Qxa4 Qg6 44. Qd1 Bg4 45. Qb1 1/2-1/2

[Event "II. CLANSKA LIGA ZAHOD 2025"]
[Site "Komenda"]
[Date "2025.11.23"]
[Round "9.1"]
[White "Filippovskiy, Nikita"]
[Black "Torkar, Boris"]
[Result "1-0"]
[WhiteElo "1807"]
[BlackElo "1858"]
[PlyCount "77"]
[EventDate "2025.11.14"]
[WhiteTeam "SK POSTOJNA"]
[BlackTeam "SD RADOVLJICA"]

1. e4 e6 2. d4 d5 3. e5 c5 4. c3 Nc6 5. Nf3 Bd7 6. a3 c4 7. Be2 Nge7 8. h4 h6
9. g4 g6 10. Be3 Bg7 11. Nbd2 b5 12. Nf1 a5 13. Ng3 b4 14. Qd2 bxc3 15. bxc3
Rb8 16. a4 Na7 17. O-O Bc6 18. Nh2 Qd7 19. Bd1 Nac8 20. Bc2 Rb2 21. f4 h5 22.
Qc1 Rxc2 23. Qxc2 hxg4 24. Nxg4 Rxh4 25. Nh2 Nb6 26. Rfb1 Bxa4 27. Qf2 Nec8 28.
Nf5 Rh7 29. Nxg7+ Rxg7 30. Ng4 Qe7 31. Nf6+ Kd8 32. Qh4 Rg8 33. Qh6 Rf8 34. f5
Bc2 35. fxg6 Bxg6 36. Rb2 Kc7 37. Bg5 Qd8 38. Nh7 f6 39. Nxf8 1-0

[Event "II. CLANSKA LIGA ZAHOD 2025"]
[Site "Komenda"]
[Date "2025.11.23"]
[Round "9.1"]
[White "Bec, Alojz"]
[Black "Pridigar, Lovro"]
[Result "0-1"]
[WhiteElo "1865"]
[BlackElo "1974"]
[PlyCount "78"]
[EventDate "2025.11.14"]
[WhiteTeam "SD RADOVLJICA"]
[BlackTeam "SK POSTOJNA"]

1. e4 c5 2. Nf3 d6 3. d4 cxd4 4. Nxd4 Nf6 5. Nc3 g6 6. Bc4 Bg7 7. h3 O-O 8. O-O
Nc6 9. Nf3 Na5 10. Bd3 Be6 11. Qe2 Rc8 12. Be3 a6 13. Bd4 Nc6 14. Qe3 Nxd4 15.
Nxd4 Bc4 16. Nce2 Nd7 17. Bxc4 Rxc4 18. b3 Rc8 19. c3 b5 20. Rac1 Qa5 21. Qd2
Qb6 22. Kh1 Rc7 23. Rc2 Rfc8 24. f4 Nf6 25. e5 Ne4 26. Qe3 d5 27. Rfc1 e6 28.
Nf5 Qxe3 29. Nxe3 Bf8 30. Nd1 Ba3 31. Rb1 b4 32. g3 bxc3 33. Kg2 a5 34. Nd4 Rb8
35. g4 Rb4 36. Nf3 d4 37. Nxd4 Rxd4 38. Ne3 Rd2+ 39. Kg1 Bc5 0-1

[Event "II. CLANSKA LIGA ZAHOD 2025"]
[Site "Komenda"]
[Date "2025.11.23"]
[Round "9.1"]
[White "Markovcic, Gregor"]
[Black "Zupan, Luka"]
[Result "1-0"]
[WhiteElo "1730"]
[BlackElo "1514"]
[PlyCount "77"]
[EventDate "2025.11.14"]
[WhiteTeam "SK POSTOJNA"]
[BlackTeam "SD RADOVLJICA"]

1. d4 Nf6 2. Bf4 c5 3. e3 g6 4. Nf3 Bg7 5. c3 d5 6. Bd3 Bg4 7. Nbd2 O-O 8. O-O
Qb6 9. Qc2 Nc6 10. h3 Bxf3 11. Nxf3 Nd7 12. Bh2 e5 13. dxe5 Ncxe5 14. Be2 c4
15. Rfd1 Qc5 16. Rd2 Nxf3+ 17. Bxf3 Nb6 18. Rad1 Rfd8 19. Qc1 h5 20. Bf4 Rd7
21. g4 hxg4 22. Bxg4 f5 23. Bf3 Re8 24. Kh2 Kf7 25. Rg1 Be5 26. Bxe5 Rxe5 27.
Rg3 Re8 28. Qg1 Qc6 29. Rg5 Rh8 30. Qg3 Qf6 31. h4 Rh6 32. Kg2 Qh8 33. h5 gxh5
34. Rxf5+ Ke7 35. Bxd5 Kd8 36. Rd4 Qh7 37. Qb8+ Nc8 38. Rf8+ Ke7 39. Rf7+ 1-0

[Event "II. CLANSKA LIGA ZAHOD 2025"]
[Site "Komenda"]
[Date "2025.11.23"]
[Round "9.2"]
[White "Zirkelbach, Maj"]
[Black "Rodman, Franc"]
[Result "1-0"]
[WhiteElo "2260"]
[BlackElo "1978"]
[PlyCount "81"]
[EventDate "2025.11.14"]
[WhiteTeam "SD KRKA NOVO MESTO"]
[BlackTeam "SD JESENICE"]

1. d4 Nf6 2. c4 c5 3. d5 b5 4. cxb5 e6 5. dxe6 fxe6 6. Nc3 Bb7 7. Nf3 d5 8. e3
Bd6 9. Be2 O-O 10. O-O Nbd7 11. b3 Qe7 12. Bb2 Kh8 13. a4 Rad8 14. a5 e5 15.
Nh4 Bb8 16. Nf5 Qe6 17. Ng3 e4 18. Na4 Bd6 19. Rc1 Rc8 20. Rc2 Rfd8 21. Qc1 d4
22. Bc4 Qg4 23. exd4 cxd4 24. Bxd4 Ne5 25. Bxe5 Bxe5 26. Be2 Qh4 27. Nc5 Bd5
28. b4 Bf4 29. Qa3 e3 30. Rc3 Ng4 31. Bxg4 Qxg4 32. f3 Qh4 33. Nce4 Bc4 34. Re1
e2 35. Rxc4 Rxc4 36. Qa2 Be3+ 37. Nf2 Rd1 38. Qxe2 Rcc1 39. Rxd1 Bxf2+ 40. Kxf2
Qd4+ 41. Rxd4 1-0

[Event "II. CLANSKA LIGA ZAHOD 2025"]
[Site "Komenda"]
[Date "2025.11.23"]
[Round "9.2"]
[White "Pazlar, Marko"]
[Black "Lauda, Alexandr"]
[Result "1/2-1/2"]
[WhiteElo "1977"]
[BlackElo "2230"]
[PlyCount "95"]
[EventDate "2025.11.14"]
[WhiteTeam "SD JESENICE"]
[BlackTeam "SD KRKA NOVO MESTO"]

1. Nf3 d5 2. d4 Nf6 3. g3 e6 4. Bg2 Be7 5. O-O O-O 6. c4 dxc4 7. Nc3 Nc6 8. e4
Rb8 9. d5 exd5 10. exd5 Nb4 11. Ne5 Bf5 12. a3 Nd3 13. Nxc4 Nxc1 14. Rxc1 a6
15. b4 Re8 16. Re1 Bf8 17. Qf3 Bg4 18. Qf4 h5 19. h3 Bd7 20. Rxe8 Nxe8 21. Ne4
g6 22. Ne5 Qe7 23. Ng5 f6 24. Nxd7 fxg5 25. Qxf8+ Qxf8 26. Nxf8 Kxf8 27. Re1
Nd6 28. Rc1 Rc8 29. h4 g4 30. f3 Nb5 31. fxg4 hxg4 32. a4 Nd6 33. Bf1 Nf5 34.
Kf2 Ke7 35. Re1+ Kd6 36. Re6+ Kxd5 37. Rxg6 Rf8 38. Bg2+ Ke5 39. Rxg4 b6 40.
Rf4 Rd8 41. Re4+ Kf6 42. Bf3 c5 43. bxc5 bxc5 44. h5 Rd2+ 45. Re2 Rd4 46. Re4
Rd2+ 47. Re2 Rd4 48. Re4 1/2-1/2

[Event "II. CLANSKA LIGA ZAHOD 2025"]
[Site "Komenda"]
[Date "2025.11.23"]
[Round "9.2"]
[White "Zupancic, Jernej"]
[Black "Pavlin, Ivan"]
[Result "1-0"]
[WhiteElo "2197"]
[BlackElo "1886"]
[PlyCount "93"]
[EventDate "2025.11.14"]
[WhiteTeam "SD KRKA NOVO MESTO"]
[BlackTeam "SD JESENICE"]

1. d4 d5 2. Nf3 Nf6 3. e3 e6 4. Bd3 Be7 5. Nbd2 c5 6. b3 O-O 7. Bb2 Nbd7 8. O-O
b6 9. Qe2 Bb7 10. Rfd1 cxd4 11. exd4 h6 12. Rac1 Rc8 13. c3 Re8 14. Bb1 Bf8 15.
Re1 g6 16. Ne5 Nxe5 17. dxe5 Nh5 18. Nf3 Be7 19. Nd4 a6 20. Nxe6 fxe6 21. Qg4
Bg5 22. h4 Ng7 23. hxg5 Qxg5 24. Qxg5 hxg5 25. Bxg6 Rf8 26. Ba3 Rf4 27. g3 Rf3
28. Bb2 Rcf8 29. Re2 Nf5 30. Ba3 Rd8 31. Bxf5 exf5 32. e6 Rc8 33. Re5 Rc6 34.
Rce1 Rfxc3 35. Rxf5 d4 36. e7 Kh7 37. Rf8 Rc8 38. Rd1 a5 39. f3 b5 40. Bd6 Kg6
41. Rxd4 Rc1+ 42. Kf2 Ba6 43. b4 R8c2+ 44. Ke3 Rxa2 45. bxa5 Rxa5 46. Bb4 Ra4
47. Rd6+ 1-0

[Event "II. CLANSKA LIGA ZAHOD 2025"]
[Site "Komenda"]
[Date "2025.11.23"]
[Round "9.2"]
[White "Ravnik, Franc"]
[Black "Zupancic, Urban"]
[Result "0-1"]
[WhiteElo "1832"]
[BlackElo "2024"]
[PlyCount "44"]
[EventDate "2025.11.14"]
[WhiteTeam "SD JESENICE"]
[BlackTeam "SD KRKA NOVO MESTO"]

1. e4 c5 2. Nf3 d6 3. Bc4 Nc6 4. O-O Nf6 5. d3 g6 6. c3 Bg7 7. h3 O-O 8. Be3
Bd7 9. a3 a6 10. Qd2 b5 11. Ba2 a5 12. Bh6 b4 13. a4 Rb8 14. Bxg7 Kxg7 15. b3
e5 16. c4 Nh5 17. Kh2 f5 18. Ng1 fxe4 19. dxe4 Nd4 20. g3 Bc6 21. Re1 Rb7 22.
Re3 Rbf7 0-1

[Event "II. CLANSKA LIGA ZAHOD 2025"]
[Site "Komenda"]
[Date "2025.11.23"]
[Round "9.2"]
[White "Hudoklin, Jurij"]
[Black "Cvetkov, Risto"]
[Result "1-0"]
[WhiteElo "1824"]
[BlackElo "1722"]
[PlyCount "83"]
[EventDate "2025.11.14"]
[WhiteTeam "SD KRKA NOVO MESTO"]
[BlackTeam "SD JESENICE"]

1. e4 e6 2. d4 d6 3. c4 Be7 4. Nc3 a6 5. Nf3 h6 6. Be3 Nf6 7. Be2 O-O 8. Qd2 c5
9. h3 b6 10. O-O Bb7 11. d5 e5 12. a3 Nxe4 13. Nxe4 f5 14. Qc2 fxe4 15. Qxe4
Bc8 16. Qc2 Bf5 17. Bd3 Qc8 18. Bxf5 Rxf5 19. Qd3 Rxf3 20. gxf3 Qxh3 21. Qg6
Nd7 22. Qg4 Qxg4+ 23. fxg4 Nf6 24. f3 Rf8 25. Kg2 e4 26. Kh3 exf3 27. Rxf3 b5
28. b3 a5 29. cxb5 Nxd5 30. Rxf8+ Kxf8 31. Bd2 a4 32. bxa4 Bf6 33. Rb1 c4 34.
b6 Bd4 35. b7 Ba7 36. b8=Q+ Bxb8 37. Rxb8+ Ke7 38. Rc8 Nb6 39. Rc7+ Kd8 40. Rc6
Nxa4 41. Rxc4 Nb2 42. Rd4 1-0

[Event "II. CLANSKA LIGA ZAHOD 2025"]
[Site "Komenda"]
[Date "2025.11.23"]
[Round "9.2"]
[White "Kisic Stros, Jakob"]
[Black "Radez, Pavel"]
[Result "1-0"]
[WhiteElo "1589"]
[BlackElo "1716"]
[PlyCount "75"]
[EventDate "2025.11.14"]
[WhiteTeam "SD JESENICE"]
[BlackTeam "SD KRKA NOVO MESTO"]

1. c4 Nc6 2. g3 e5 3. Bg2 f5 4. Nc3 Nf6 5. e3 Bc5 6. Nge2 d6 7. d4 Bb4 8. O-O
e4 9. d5 Ne5 10. Qa4+ Bd7 11. Qxb4 Nd3 12. Qb3 h5 13. Nf4 Nc5 14. Qc2 g5 15.
Nfe2 g4 16. Nf4 Rh6 17. Nce2 Qe7 18. Nd4 Nh7 19. b4 Na6 20. Nde6 Bxe6 21. Nxe6
Ng5 22. Qa4+ Kf7 23. Nxg5+ Qxg5 24. Qd7+ Kf8 25. h4 Qf6 26. Rb1 Rd8 27. Qb5 Rb8
28. Bb2 Qd8 29. Bd4 Qe8 30. Qa5 Qc8 31. c5 b6 32. Qa3 Kf7 33. Rfc1 Qb7 34. Bf1
b5 35. c6 Qc8 36. Qa5 Ra8 37. Qxb5 Nb8 38. Qb7 1-0

[Event "II. CLANSKA LIGA ZAHOD 2025"]
[Site "Komenda"]
[Date "2025.11.23"]
[Round "9.3"]
[White "Kobal, Peter"]
[Black "Kampus, Andrej"]
[Result "1/2-1/2"]
[WhiteElo "1894"]
[BlackElo "2066"]
[PlyCount "69"]
[EventDate "2025.11.14"]
[WhiteTeam "SD VRHNIKA"]
[BlackTeam "SK DOL PRI LJUBLJANI"]

1. e4 d5 2. exd5 Nf6 3. Nc3 Nxd5 4. d4 Nxc3 5. bxc3 e6 6. Nf3 c5 7. Bd3 cxd4 8.
cxd4 Bb4+ 9. Bd2 Bxd2+ 10. Qxd2 O-O 11. O-O Nc6 12. Rab1 Qc7 13. Rb5 f5 14. Re1
Bd7 15. Rb3 Rae8 16. c4 b6 17. Qe3 Qd6 18. Bf1 Re7 19. Rd3 Bc8 20. Ne5 Nxe5 21.
Qxe5 Qxe5 22. Rxe5 Rc7 23. Rd1 Ba6 24. Rxe6 Bxc4 25. Bxc4 Rxc4 26. Re7 Rf7 27.
Re8+ Rf8 28. Re7 Rd8 29. g3 Rcxd4 30. Rxd4 Rxd4 31. Rxa7 Rd2 32. a4 Ra2 33. Ra6
Kf7 34. Rxb6 Rxa4 35. Kg2 1/2-1/2

[Event "II. CLANSKA LIGA ZAHOD 2025"]
[Site "Komenda"]
[Date "2025.11.23"]
[Round "9.3"]
[White "Arlic, Nejc"]
[Black "Racnik, Tone"]
[Result "1/2-1/2"]
[WhiteElo "1838"]
[BlackElo "1890"]
[PlyCount "81"]
[EventDate "2025.11.14"]
[WhiteTeam "SK DOL PRI LJUBLJANI"]
[BlackTeam "SD VRHNIKA"]

1. e4 d6 2. d4 Nf6 3. Bd3 g6 4. c4 Bg7 5. Nc3 Nc6 6. Nge2 e5 7. d5 Ne7 8. O-O
O-O 9. f4 exf4 10. Bxf4 Nh5 11. Bg5 h6 12. Bd2 Bg4 13. Qc1 Kh7 14. Nf4 Nxf4 15.
Rxf4 Bd7 16. Qe1 g5 17. Rf2 Ng6 18. Be3 Ne5 19. Be2 Qe7 20. Qd2 Rae8 21. Bd4 f5
22. exf5 Bxf5 23. Raf1 Bg6 24. Rxf8 Rxf8 25. Rxf8 Qxf8 26. h3 a6 27. Bxe5 Bxe5
28. Bd3 Bd4+ 29. Kh1 Qf2 30. Qxf2 Bxf2 31. Ne4 Bxe4 32. Bxe4+ Kg7 33. Bf5 b6
34. a4 Kf6 35. Bc8 a5 36. Bd7 Ke5 37. g4 Kf4 38. Kg2 Bd4 39. b3 Ke3 40. Bf5 Be5
41. Bd7 1/2-1/2

[Event "II. CLANSKA LIGA ZAHOD 2025"]
[Site "Komenda"]
[Date "2025.11.23"]
[Round "9.3"]
[White "Sirk, Matija"]
[Black "Azinovic, Igor"]
[Result "1/2-1/2"]
[WhiteElo "1798"]
[BlackElo "1787"]
[PlyCount "122"]
[EventDate "2025.11.14"]
[WhiteTeam "SD VRHNIKA"]
[BlackTeam "SK DOL PRI LJUBLJANI"]

1. e4 c5 2. Nf3 d6 3. d4 cxd4 4. Nxd4 Nf6 5. Nc3 Nc6 6. Be2 e5 7. Nf3 Be6 8.
Bg5 Be7 9. Bxf6 Bxf6 10. Nd2 d5 11. exd5 Bxd5 12. Nde4 Bxe4 13. Nxe4 Qa5+ 14.
c3 Be7 15. b4 Qc7 16. b5 Na5 17. Qc2 O-O 18. O-O Rac8 19. c4 b6 20. Nc3 Rfd8
21. Bg4 Qxc4 22. Bxc8 Rxc8 23. Rac1 Bb4 24. Rfd1 Ba3 25. Qd2 h6 26. Rc2 Nb7 27.
Qd5 Qxd5 28. Rxd5 Bb4 29. Rd3 e4 30. Rd7 Nd6 31. Rc1 Nxb5 32. Ne2 Rxc1+ 33.
Nxc1 a5 34. Rb7 f5 35. Rxb6 Nd6 36. Nb3 Nc4 37. Rb5 g6 38. Rb7 e3 39. fxe3 Nxe3
40. h3 Nd5 41. Ra7 Nc3 42. Ra8+ Kf7 43. Nxa5 Nxa2 44. Nc4 Nc3 45. Ra6 Kg7 46.
Kf1 Ne4 47. Ne5 Bd6 48. Nc4 Bb4 49. Nb6 Bc5 50. Nd5 h5 51. Ke2 g5 52. Rc6 g4
53. Nf4 Ng3+ 54. Kd3 gxh3 55. Nxh3 Be7 56. Ke3 h4 57. Ng1 Bg5+ 58. Kf3 Kf7 59.
Ne2 Nxe2 60. Kxe2 Bf4 61. Kf3 Bg3 1/2-1/2

[Event "II. CLANSKA LIGA ZAHOD 2025"]
[Site "Komenda"]
[Date "2025.11.23"]
[Round "9.3"]
[White "Kosem, Rok"]
[Black "Praznik, Nikolaj"]
[Result "1/2-1/2"]
[WhiteElo "1765"]
[BlackElo "1463"]
[PlyCount "68"]
[EventDate "2025.11.14"]
[WhiteTeam "SK DOL PRI LJUBLJANI"]
[BlackTeam "SD VRHNIKA"]

1. c4 c5 2. Nc3 Nc6 3. Nf3 Nf6 4. d4 cxd4 5. Nxd4 d5 6. Nxc6 bxc6 7. e3 e5 8.
cxd5 cxd5 9. Bb5+ Bd7 10. Qa4 Bxb5 11. Qxb5+ Qd7 12. O-O a6 13. Qxd7+ Kxd7 14.
Rd1 Ke6 15. b3 Bb4 16. Bb2 Bxc3 17. Bxc3 Rac8 18. Rac1 Rc6 19. Bb2 Rhc8 20.
Rxc6+ Rxc6 21. Rc1 Rxc1+ 22. Bxc1 Kd6 23. f3 Kc5 24. Ba3+ Kc6 25. Bb2 Nd7 26.
Kf1 f6 27. Ke2 Kb5 28. Ba3 Kc6 29. Kd3 Kb5 30. Be7 Kc6 31. Kc3 Kb5 32. a4+ Kc6
33. Kb4 Kb6 34. Bd8+ Kc6 1/2-1/2

[Event "II. CLANSKA LIGA ZAHOD 2025"]
[Site "Komenda"]
[Date "2025.11.23"]
[Round "9.3"]
[White "Sever, Florjan"]
[Black "Magerl, Zan"]
[Result "0-1"]
[WhiteElo "1519"]
[BlackElo "1682"]
[PlyCount "58"]
[EventDate "2025.11.14"]
[WhiteTeam "SD VRHNIKA"]
[BlackTeam "SK DOL PRI LJUBLJANI"]

1. e4 e5 2. Nf3 Nf6 3. Nxe5 d6 4. Nf3 Nxe4 5. d4 d5 6. Bd3 Bf5 7. O-O Bd6 8.
Re1 O-O 9. Be3 Bg6 10. Nbd2 Re8 11. Nb3 c6 12. a3 Nd7 13. c3 Qc7 14. Rc1 a5 15.
c4 dxc4 16. Bxc4 Qb8 17. Nbd2 Nb6 18. Be2 Nd5 19. Nxe4 Bxe4 20. Qb3 a4 21. Qd1
Nxe3 22. fxe3 Bxf3 23. Bxf3 Bxh2+ 24. Kh1 Bg3 25. Re2 Qd6 26. Rc5 Re6 27. e4
Rh6+ 28. Kg1 Qf4 29. Rd2 Qe3+ 0-1

[Event "II. CLANSKA LIGA ZAHOD 2025"]
[Site "Komenda"]
[Date "2025.11.23"]
[Round "9.4"]
[White "Bratovic, Blaz"]
[Black "Demsar, Maks"]
[Result "1-0"]
[WhiteElo "2292"]
[BlackElo "2116"]
[PlyCount "101"]
[EventDate "2025.11.14"]
[WhiteTeam "SD GORENJKA LESCE"]
[BlackTeam "DRUSTVO TOMO ZUPAN"]

1. Nf3 Nf6 2. e3 d5 3. c4 c6 4. Nc3 Bf5 5. Qb3 Qb6 6. cxd5 Qxb3 7. axb3 Nxd5 8.
Nxd5 cxd5 9. Nd4 Bd7 10. Nb5 Bxb5 11. Bxb5+ Nd7 12. d4 e6 13. Bd2 Bd6 14. Ke2
Ke7 15. Bd3 f5 16. b4 a6 17. b3 Nf6 18. f3 g5 19. Ra2 Rhc8 20. h3 Rab8 21. b5
axb5 22. Bxb5 h6 23. g4 Rc7 24. Bd3 f4 25. h4 fxe3 26. Bxe3 Bf4 27. hxg5 hxg5
28. Bxf4 gxf4 29. g5 Ne8 30. Kd2 Kd6 31. Rh8 Rbc8 32. Rc2 Ra8 33. g6 Rg7 34.
Bb5 Ke7 35. Rxe8+ Rxe8 36. Rc7+ Kf6 37. Rxg7 Ra8 38. Rxb7 Ra2+ 39. Kc3 Kxg6 40.
Bd3+ Kf6 41. Rh7 Rf2 42. Rh6+ Ke7 43. Rh3 Kd6 44. b4 Kc6 45. b5+ Kd6 46. Bc2
Re2 47. Bd1 Re3+ 48. Kd2 Ra3 49. Rh4 Ra5 50. Be2 Ra2+ 51. Ke1 1-0